| 000 | 00712nam a22002057a 4500 | ||
|---|---|---|---|
| 999 |
_c190623 _d190623 |
||
| 005 | 20220801145214.0 | ||
| 010 | _aENG-133802 | ||
| 020 |
_a9789389658330 _c276.00 |
||
| 035 | _aEN-117334 | ||
| 037 | _bDBAD/PUB | ||
| 082 | _a005.74 | ||
| 100 | _aM. Neelamegan | ||
| 245 |
_aComputer Networks: _bAs per Periyar University Syllabus for BCA & CS _cM. Neelamegan, R. Kaviyarasi & C. Prabu |
||
| 260 |
_aMadurai _bShanlax PUblications _c2019 |
||
| 270 |
_a61, 66 T.P.K. Main Road Vasantha Nagar. Madurai _bTamilnadu _e625003 _k7639303383 _mpublisher@shanlaxpublications.com |
||
| 300 |
_a212 p. _c22 cm(pbk) |
||
| 700 | _aKaviyarasi, R. | ||
| 700 | _aPrabu, C. | ||
| 942 |
_2ddc _cEN _h005.74 _mNEE |
||